000 00495nam a22001575i 4500
008 190426s2019 mau 000 0 eng
020 _a9780081025994
050 _aTP155
_b.T69
100 1 _aTowler, Gavin.
245 1 0 _aChemical engineering design /
_cGavin Towler.
_bCoulson and Richardsons Chemical Engineering Series
250 _a6th edition.
260 _aOxford
_bButter - Heinemann
_c2020
300 _axxxi, 1262p. 23.5cm
_billustration;
650 _aChemical Engineering.
942 _cBK
999 _c3559
_d3559